000 00910nam a2200193 a 4500
008 100115s1999 ||||||||||||||||| || u
050 _aGOV.ZAM(058)NRB/1999
110 _aGovernment of the Republic of Zambia (GRZ)
245 1 0 _aNational Roads Board: annual report 1999
_cNational Roads Board
260 _aLusaka:
_bMinistry of Communications and Transport
_c1999
300 _a26p.: ill.
350 _a0.00
650 _aROADS
650 _aFINANCIAL REPORTS
650 _aTRANSPORTATION--ZAMBIA
710 _aNational Roads Board. Ministry of Communications and Transport
995 _aSPECIAL COLLECTIONS
_D0.00
_e03005417
_FCBU-MAIN LIBRARY (Kitwe)
_H1
_I0.00
_jGOV.ZAM(058)NRB/1999B
_M2
_UAVAILABLE
_WJan 15, 2010
_yZ03005417
_ZZambiana Collection
995 _aSPECIAL COLLECTIONS
_D0.00
_e55178
_FCBU-MAIN LIBRARY (Kitwe)
_H1
_I0.00
_jGOV.ZAM(058)NRB/1999A
_M1
_UAVAILABLE
_WJan 15, 2010
_y55178
_ZZambiana Collection
999 _c78722
_d78722